Statistics for 10 Closest A World Capitals to Amman

Click here to take the quiz!

General Stats

  • This quiz has been taken 43 times
  • The average score is 7 of 10

Answer Stats

kmcapitalmiles% Correct
931Ankara579
100%
1299Athens907
86%
3053Algiers1897
84%
2573Addis Ababa1599
81%
1875Asmara1165
76%
3597Astana2235
73%
2144Ashgabat1332
70%
3378Amsterdam2099
62%
3241Andorra la Vella2014
59%
1989Abu Dhabi1236
57%

Score Distribution

Percentile by Number Answered

Percent of People with Each Score

Your Score History

You have not taken this quiz